000 00265 a2200097 4500
001 13333
100 _aFelleisen,M.
245 _aHow to design Programs:An introduction to programming Computing
260 _a
_bPrentic Hall of India pvt Ltd
_c
090 _c10351
_d10351
942 _aNUST-CAE
_cM
_c394
999 _c248406
_d248406